[Event "5. Torneo de Promoción de Almansa"]
[Site "Almansa ESP"]
[Date "2010.08.10"]
[Round "2.8"]
[White "Jimenez Martinez, Jose Vicente"]
[Black "Mombiela Martinez, Gonzalo"]
[Result "1-0"]
[WhiteElo "2241"]
[BlackElo "2110"]
[PlyCount "103"]
[EventDate "2010.08.09"]
[EventType "swiss"]
[EventRounds "9"]
[EventCountry "ESP"]
[Source "lmi"]
[SourceDate "2010.08.09"]

1. d4 d5 2. c4 e6 3. Nf3 c6 4. Nc3 f5 5. g3 Nf6 6. Bg2 Bd6 7. O-O O-O 8. Qc2
Ne4 9. Bf4 Qe7 10. Bxd6 Qxd6 11. Ne5 Nd7 12. Nxd7 Bxd7 13. c5 Qe7 14. f4 b5 15.
a4 a6 16. b4 Rfb8 17. axb5 Nxc3 18. Qxc3 axb5 19. Ra3 Qd8 20. Rfa1 Rxa3 21.
Qxa3 Qc7 22. Kf2 h6 23. Bf3 Kh7 24. h3 Be8 25. Qe3 Bf7 26. Ra5 Rb7 27. Qa3 Be8
28. Ra8 Bd7 29. Qa5 Bc8 30. Bh5 g6 31. Bf3 Kg7 32. e3 Kh7 33. Be2 Kg7 34. Ke1
Kf7 35. Kd2 Kg7 36. Ra6 Bd7 37. Kc3 Kf7 38. Bd3 Kg7 39. Kb3 Kf7 40. Qa1 Bc8 41.
g4 Rb8 42. Ra7 Rb7 43. Ra2 Bd7 44. h4 Qd8 45. h5 g5 46. Ra8 Qe7 47. Qg1 Kg7 48.
Qg3 gxf4 49. exf4 Be8 50. gxf5+ Kf6 51. Qg8 Bxh5 52. Rf8+ 1-0

[Event "5. Torneo de Promoción de Almansa"]
[Site "Almansa ESP"]
[Date "2010.08.10"]
[Round "2.9"]
[White "Navarro Lopez-menchero, Daniel"]
[Black "Cruz Lledo, Pablo"]
[Result "1/2-1/2"]
[WhiteElo "2115"]
[BlackElo "2239"]
[PlyCount "94"]
[EventDate "2010.08.09"]
[EventType "swiss"]
[EventRounds "9"]
[EventCountry "ESP"]
[Source "lmi"]
[SourceDate "2010.08.09"]

1. e4 d5 2. exd5 Qxd5 3. Nc3 Qd6 4. d4 c6 5. Nf3 Nf6 6. Ne5 Nbd7 7. Nc4 Qc7 8.
Qf3 Nb6 9. Bf4 Qd8 10. Ne3 Nbd5 11. Be5 Be6 12. Bxf6 gxf6 13. Ncxd5 Bxd5 14.
Nxd5 Qxd5 15. Qxd5 cxd5 16. Bb5+ Kd8 17. O-O-O e6 18. Kb1 Bd6 19. g3 f5 20. Be2
Ke7 21. b3 Bb4 22. Kb2 Rac8 23. c4 dxc4 24. bxc4 Rhd8 25. a3 Ba5 26. f4 Kf6 27.
Kb3 Rd7 28. Bf3 b5 29. c5 Rcd8 30. Bc6 Rxd4 31. Rxd4 Rxd4 32. Bxb5 Rd2 33. c6
Ke7 34. Rc1 Kd8 35. Rc2 Kc7 36. Rxd2 Bxd2 37. Kc2 Be3 38. Kd3 Bg1 39. Ke2 Kb6
40. a4 Bc5 41. Kf3 Bd6 42. h3 a6 43. c7 Bxc7 44. Be8 f6 45. Bd7 e5 46. Bxf5 h6
47. fxe5 fxe5 1/2-1/2

[Event "5. Torneo de Promoción de Almansa"]
[Site "Almansa ESP"]
[Date "2010.08.10"]
[Round "2.10"]
[White "Martinez Lopez, David"]
[Black "Uribe Arteaga, Daniel"]
[Result "0-1"]
[WhiteElo "2110"]
[BlackElo "2233"]
[PlyCount "136"]
[EventDate "2010.08.09"]
[EventType "swiss"]
[EventRounds "9"]
[EventCountry "ESP"]
[Source "lmi"]
[SourceDate "2010.08.09"]

1. e4 c5 2. Nf3 d6 3. d4 cxd4 4. Nxd4 Nf6 5. Nc3 g6 6. Be3 Bg7 7. f3 O-O 8. Bc4
Nc6 9. Qd2 Bd7 10. O-O-O Rc8 11. Bb3 Ne5 12. Bh6 Bxh6 13. Qxh6 Rxc3 14. bxc3 a5
15. a4 Qc7 16. Qe3 Qc5 17. Kd2 Bxa4 18. Ra1 Bd7 19. h3 Rc8 20. Ne2 Qc7 21. Ke1
a4 22. Ba2 Bb5 23. Nd4 Ba6 24. Kd2 Bc4 25. f4 Bxa2 26. fxe5 Qxc3+ 27. Qxc3
Nxe4+ 28. Kd3 Nxc3 29. exd6 exd6 30. Nb5 Bc4+ 31. Kxc3 Bxb5+ 32. Kd2 Rc5 33.
Rhe1 Rg5 34. g4 h5 35. Re4 hxg4 36. hxg4 Rd5+ 37. Kc3 Bd7 38. Re7 Bxg4 39. Rxa4
Rc5+ 40. Kd2 Bf5 41. Rxb7 Rxc2+ 42. Ke3 Be6 43. Ra6 d5 44. Rd6 Rc4 45. Re7 Re4+
46. Kd3 Bf5 47. Rxe4 Bxe4+ 48. Ke3 Kg7 49. Kf4 Kh6 50. Rf6 Kg7 51. Rd6 f6 52.
Kg4 g5 53. Kg3 Kf7 54. Kg4 Kg6 55. Rd8 Bf5+ 56. Kf3 Be6 57. Ke3 Kf5 58. Rb8 Ke5
59. Rb2 f5 60. Re2 f4+ 61. Kd3+ Kf5 62. Kd4 g4 63. Re5+ Kf6 64. Rh5 g3 65. Rh6+
Kf5 66. Rh7 Kg6 67. Rh1 Bh3 68. Ke5 g2 0-1

[Event "5. Torneo de Promoción de Almansa"]
[Site "Almansa ESP"]
[Date "2010.08.10"]
[Round "2.11"]
[White "Martinez Rodriguez, Pablo"]
[Black "O`neill Y Daneiko, Jose Antonio"]
[Result "1/2-1/2"]
[WhiteElo "2227"]
[BlackElo "2102"]
[PlyCount "52"]
[EventDate "2010.08.09"]
[EventType "swiss"]
[EventRounds "9"]
[EventCountry "ESP"]
[Source "lmi"]
[SourceDate "2010.08.09"]

1. Nf3 Nf6 2. c4 e6 3. Nc3 Bb4 4. Qb3 Qe7 5. g3 b6 6. Nb5 d5 7. a3 Ba5 8. Qa4
c6 9. Nbd4 dxc4 10. Qxc4 c5 11. Nc2 Ba6 12. Qa4+ Qd7 13. Qxd7+ Nbxd7 14. b4
cxb4 15. axb4 Rc8 16. Kd1 Ne4 17. bxa5 Nxf2+ 18. Ke1 Nxh1 19. Nb4 Bb7 20. axb6
axb6 21. Bg2 Nxg3 22. hxg3 O-O 23. d3 e5 24. Bb2 f6 25. Bh3 Rfd8 26. Nd2 Ra8
1/2-1/2

[Event "5. Torneo de Promoción de Almansa"]
[Site "Almansa ESP"]
[Date "2010.08.10"]
[Round "2.12"]
[White "Villasenor Rubio, Emilio Jose"]
[Black "Chalmeta Ugas, Ramon"]
[Result "0-1"]
[WhiteElo "2045"]
[BlackElo "2204"]
[PlyCount "91"]
[EventDate "2010.08.09"]
[EventType "swiss"]
[EventRounds "9"]
[EventCountry "ESP"]
[Source "lmi"]
[SourceDate "2010.08.09"]

1. e4 c5 2. Nf3 d6 3. d4 cxd4 4. Nxd4 Nf6 5. Nc3 g6 6. Be3 Bg7 7. Bc4 O-O 8. f3
Nc6 9. Bb3 Bd7 10. h4 Ne5 11. g4 Rc8 12. Qe2 Rxc3 13. bxc3 Qa5 14. Bd2 h5 15.
gxh5 Nxh5 16. Kf2 Kh7 17. Rag1 f5 18. Rg5 Bh6 19. Rxh5 gxh5 20. Bxh6 Kxh6 21.
Qd2+ f4 22. Nf5+ Bxf5 23. Qxf4+ Kh7 24. exf5 Qxc3 25. Rg1 Qc5+ 26. Kf1 Nxf3 27.
Rg6 Nh2+ 28. Ke2 Ng4 29. Qg5 Qe5+ 30. Kd2 Rxf5 31. Rg7+ Qxg7 32. Qxf5+ Qg6 33.
Qd7 Qe4 34. Kc1 Qe1+ 35. Kb2 Qxh4 36. Qe8 Qf6+ 37. Ka3 Kh6 38. Qd7 Ne5 39. Qxb7
h4 40. Qxa7 Kg5 41. Qg1+ Ng4 42. Qg2 Qd4 43. c4 e5 44. Kb4 e4 45. a4 e3 46. a5
0-1

[Event "5. Torneo de Promoción de Almansa"]
[Site "Almansa ESP"]
[Date "2010.08.10"]
[Round "2.13"]
[White "Del Valle Cirera, Adria"]
[Black "Garrido Fernandez, Javier"]
[Result "1-0"]
[WhiteElo "2199"]
[BlackElo "2010"]
[PlyCount "105"]
[EventDate "2010.08.09"]
[EventType "swiss"]
[EventRounds "9"]
[EventCountry "ESP"]
[Source "lmi"]
[SourceDate "2010.08.09"]

1. e4 Nf6 2. e5 Nd5 3. c4 Nb6 4. d4 d6 5. exd6 exd6 6. Nc3 Be7 7. h3 Nc6 8. Nf3
Bf5 9. a3 O-O 10. Be2 Bf6 11. O-O Re8 12. d5 Ne5 13. Nd4 Bd7 14. b3 a5 15. a4
c5 16. dxc6 bxc6 17. Ba3 c5 18. Ndb5 Bxb5 19. Nxb5 Nc6 20. Bf3 Nd4 21. Nxd4
Bxd4 22. Bxa8 Nxa8 23. Ra2 Qf6 24. Re2 Rb8 25. Qd2 Bc3 26. Qd5 h6 27. Rd1 Be5
28. Bc1 Nc7 29. Qd2 Ne6 30. Qxa5 Nd4 31. Re4 Qf5 32. Qe1 Rxb3 33. f4 Qg6 34.
Kh2 Bf6 35. Re8+ Kh7 36. Be3 Rb2 37. Rd2 Rb1 38. Qf2 Nf5 39. g4 Nxe3 40. Qxe3
Bd4 41. Qe7 h5 42. f5 Qf6 43. Qxf6 gxf6 44. Ra2 hxg4 45. hxg4 Rb7 46. Ra3 Be5+
47. Kg2 Kg7 48. Rh3 Rb2+ 49. Kf1 Rh2 50. Rxh2 Bxh2 51. a5 d5 52. a6 dxc4 53. a7
1-0

[Event "5. Torneo de Promoción de Almansa"]
[Site "Almansa ESP"]
[Date "2010.08.10"]
[Round "2.14"]
[White "Ontañon Gomez, Pablo"]
[Black "Pavon Cardenas, Jesus M"]
[Result "0-1"]
[WhiteElo "2002"]
[BlackElo "2182"]
[PlyCount "80"]
[EventDate "2010.08.09"]
[EventType "swiss"]
[EventRounds "9"]
[EventCountry "ESP"]
[Source "lmi"]
[SourceDate "2010.08.09"]

1. e4 e5 2. Nf3 d6 3. d4 Nd7 4. Bc4 Be7 5. O-O Ngf6 6. Nc3 O-O 7. Bg5 c6 8. a4
b6 9. Qe2 a6 10. Rad1 Qc7 11. d5 Bb7 12. dxc6 Bxc6 13. Bxa6 Nc5 14. Bxf6 Bxf6
15. Bb5 Bb7 16. Bc4 Nxa4 17. Nb5 Qc5 18. c3 Nxb2 19. Qxb2 Qxc4 20. Nxd6 Qc6 21.
Nxb7 Qxb7 22. Rd5 Ra4 23. Qc2 Ra3 24. Qb2 Rfa8 25. h3 h6 26. Rb1 R8a6 27. Nxe5
Qc7 28. Qb5 Kh7 29. Ng4 Qxc3 30. Nxf6+ Qxf6 31. Rf5 Qg6 32. Qd5 Ra7 33. Qd4
Rxh3 34. Rfb5 Rh4 35. Rxb6 Qh5 36. f3 Ra2 37. R6b2 Rh1+ 38. Kf2 Qh4+ 39. Ke2
Rxb1 40. Rxa2 Qe1+ 0-1

[Event "5. Torneo de Promoción de Almansa"]
[Site "Almansa ESP"]
[Date "2010.08.10"]
[Round "2.15"]
[White "Nicolas Zapata, Irene"]
[Black "Grigoriev, Ivan"]
[Result "1-0"]
[WhiteElo "1962"]
[BlackElo "2172"]
[PlyCount "57"]
[EventDate "2010.08.09"]
[EventType "swiss"]
[EventRounds "9"]
[EventCountry "ESP"]
[Source "lmi"]
[SourceDate "2010.08.09"]

1. d4 Nf6 2. Nf3 c5 3. d5 e6 4. c4 exd5 5. cxd5 d6 6. Nc3 g6 7. g3 Bg7 8. Bg2
O-O 9. O-O Bg4 10. Nd2 Qd7 11. a4 Bh3 12. Nc4 Bxg2 13. Kxg2 Qe7 14. Bf4 Ne8 15.
Qd3 Nd7 16. e4 Ne5 17. Nxe5 dxe5 18. Be3 Rc8 19. Rfc1 f5 20. f3 Nd6 21. Nb5 c4
22. Qa3 fxe4 23. Qxd6 exf3+ 24. Kf2 Qxd6 25. Nxd6 Rcd8 26. Nxc4 Rxd5 27. Rd1
Rxd1 28. Rxd1 e4 29. Rd7 1-0

[Event "5. Torneo de Promoción de Almansa"]
[Site "Almansa ESP"]
[Date "2010.08.10"]
[Round "3.1"]
[White "Bolado Saez, Sergio"]
[Black "Chalmeta Ugas, Ramon"]
[Result "1-0"]
[WhiteElo "2308"]
[BlackElo "2204"]
[PlyCount "48"]
[EventDate "2010.08.09"]
[EventType "swiss"]
[EventRounds "9"]
[EventCountry "ESP"]
[Source "lmi"]
[SourceDate "2010.08.09"]

1. d4 Nf6 2. Nf3 g6 3. g3 Bg7 4. Bg2 O-O 5. O-O d5 6. c4 c6 7. cxd5 cxd5 8. Nc3
Nc6 9. Ne5 Bf5 10. Nxc6 bxc6 11. Bg5 Qd6 12. Rc1 e5 13. dxe5 Qxe5 14. Bf4 Qe7
15. Qa4 Rac8 16. Rfd1 Rfe8 17. Be3 Ne4 18. Bxe4 Bxe4 19. Qxa7 Qe6 20. Bd4 Bh6
21. Nxe4 dxe4 22. e3 Ra8 23. Qb7 Rxa2 24. Rxc6 Qd5 1-0

[Event "5. Torneo de Promoción de Almansa"]
[Site "Almansa ESP"]
[Date "2010.08.10"]
[Round "3.2"]
[White "Pavon Cardenas, Jesus M"]
[Black "Sanchez Jerez, Emilio Miguel"]
[Result "1/2-1/2"]
[WhiteElo "2182"]
[BlackElo "2301"]
[PlyCount "28"]
[EventDate "2010.08.09"]
[EventType "swiss"]
[EventRounds "9"]
[EventCountry "ESP"]
[Source "lmi"]
[SourceDate "2010.08.09"]

1. e4 Nc6 2. Nf3 f5 3. e5 d6 4. Bb5 Bd7 5. d4 Nxe5 6. Nxe5 Bxb5 7. Qh5+ g6 8.
Nxg6 Nf6 9. Qh3 hxg6 10. Qxh8 Qd7 11. Nc3 O-O-O 12. Be3 f4 13. Bxf4 Nh5 14. Be3
Bg7 1/2-1/2

[Event "5. Torneo de Promoción de Almansa"]
[Site "Almansa ESP"]
[Date "2010.08.10"]
[Round "3.3"]
[White "Lujan, Carolina"]
[Black "Del Valle Cirera, Adria"]
[Result "1-0"]
[WhiteElo "2296"]
[BlackElo "2199"]
[PlyCount "51"]
[EventDate "2010.08.09"]
[EventType "swiss"]
[EventRounds "9"]
[EventCountry "ESP"]
[Source "lmi"]
[SourceDate "2010.08.09"]

1. e4 e5 2. Nf3 Nc6 3. Bc4 Bc5 4. d3 Nf6 5. Nc3 h6 6. Be3 Bb6 7. O-O d6 8. Ne2
Na5 9. Bb3 Nxb3 10. axb3 c6 11. Ng3 a6 12. h3 Bc7 13. Qd2 Be6 14. Rfe1 g5 15.
d4 g4 16. hxg4 Nxg4 17. Nh5 Qd7 18. Ng7+ Kf8 19. Nxe6+ Qxe6 20. dxe5 Nxe3 21.
Rxe3 Rg8 22. exd6 Bxd6 23. Nh4 Bc5 24. Rf3 Rg5 25. Qc3 Rd8 26. Nf5 1-0

[Event "5. Torneo de Promoción de Almansa"]
[Site "Almansa ESP"]
[Date "2010.08.10"]
[Round "3.4"]
[White "Puerto Traver, Juan Manuel"]
[Black "Jimenez Martinez, Jose Vicente"]
[Result "0-1"]
[WhiteElo "2163"]
[BlackElo "2241"]
[PlyCount "60"]
[EventDate "2010.08.09"]
[EventType "swiss"]
[EventRounds "9"]
[EventCountry "ESP"]
[Source "lmi"]
[SourceDate "2010.08.09"]

1. d4 g6 2. e4 Bg7 3. Nc3 d6 4. f4 Nf6 5. h3 O-O 6. Nf3 c5 7. dxc5 Qa5 8. Bd3
Qxc5 9. Qe2 Nh5 10. Be3 Qa5 11. Qd2 e5 12. fxe5 dxe5 13. Nd5 Qxd2+ 14. Kxd2 Nc6
15. g4 Nf6 16. Nxf6+ Bxf6 17. c3 Be6 18. Ke2 Rfd8 19. Nd2 Rd7 20. b3 Rad8 21.
Bc4 Bxc4+ 22. Nxc4 b5 23. Nb2 b4 24. cxb4 Nd4+ 25. Bxd4 Rxd4 26. Kf3 Rd2 27.
Nc4 R8d3+ 28. Ne3 Bh4 29. g5 Rf2+ 30. Kg4 Rf4# 0-1

[Event "5. Torneo de Promoción de Almansa"]
[Site "Almansa ESP"]
[Date "2010.08.10"]
[Round "3.5"]
[White "Uribe Arteaga, Daniel"]
[Black "Nicolas Zapata, Irene"]
[Result "1/2-1/2"]
[WhiteElo "2233"]
[BlackElo "1962"]
[PlyCount "115"]
[EventDate "2010.08.09"]
[EventType "swiss"]
[EventRounds "9"]
[EventCountry "ESP"]
[Source "lmi"]
[SourceDate "2010.08.09"]

1. e4 c5 2. Nf3 Nc6 3. d4 cxd4 4. Nxd4 g6 5. Nc3 Bg7 6. Be3 Nf6 7. Nxc6 bxc6 8.
e5 Ng8 9. Bd4 f6 10. f4 Qa5 11. exf6 Nxf6 12. Be2 O-O 13. O-O Rb8 14. Rb1 d6
15. Bf3 e5 16. fxe5 dxe5 17. Bf2 Ba6 18. Re1 Rbd8 19. Qc1 Nd5 20. Ne4 Nf4 21.
b4 Qc7 22. Qa3 Bc4 23. Bc5 Rf7 24. Rbd1 Rxd1 25. Rxd1 Be2 26. Bxe2 Nxe2+ 27.
Kh1 Qd7 28. Qd3 Qxd3 29. cxd3 Bf8 30. g3 Bxc5 31. bxc5 Rb7 32. Rd2 Nd4 33. Kg2
Rb5 34. Rf2 Ne6 35. Nf6+ Kg7 36. Nd7 Nxc5 37. Nxe5 a5 38. d4 Ne4 39. Re2 Nc3
40. Rc2 Nd5 41. Rxc6 Rb2+ 42. Kf3 Rxa2 43. Rc5 Nf6 44. Nc4 a4 45. d5 Rc2 46. d6
Nd7 47. Rc7 Kf6 48. Ne3 Ne5+ 49. Ke4 Rd2 50. Nd5+ Ke6 51. Nf4+ Kf6 52. Rc5 Nd7
53. Rc6 a3 54. Nd5+ Ke6 55. Nf4+ Kf6 56. Nd5+ Ke6 57. Nf4+ Kf6 58. Nd5+ 1/2-1/2

[Event "5. Torneo de Promoción de Almansa"]
[Site "Almansa ESP"]
[Date "2010.08.11"]
[Round "3.6"]
[White "Castella Garcia, Fausto"]
[Black "Gil Quilez, David"]
[Result "1-0"]
[WhiteElo "2334"]
[BlackElo "2133"]
[PlyCount "57"]
[EventDate "2010.08.09"]
[EventType "swiss"]
[EventRounds "9"]
[EventCountry "ESP"]
[Source "lmi"]
[SourceDate "2010.08.09"]

1. e4 e5 2. Nf3 Nc6 3. Bb5 a6 4. Ba4 Nf6 5. d4 exd4 6. O-O Be7 7. Re1 O-O 8. e5
Ne8 9. c3 dxc3 10. Nxc3 d6 11. exd6 Bxd6 12. Bg5 f6 13. Bh4 Kh8 14. Nd5 Bf5 15.
Rc1 Nb4 16. Ne3 Bd7 17. Bb3 Nc6 18. Bc2 Qc8 19. a3 Be6 20. Qd3 g6 21. Qc3 Kg7
22. Rcd1 Bg8 23. Nd5 Qd7 24. Rxe8 Bxd5 25. Rxa8 Rxa8 26. Qxf6+ Kg8 27. Rxd5
Bxh2+ 28. Nxh2 Qxd5 29. Ng4 1-0

[Event "5. Torneo de Promoción de Almansa"]
[Site "Almansa ESP"]
[Date "2010.08.11"]
[Round "3.7"]
[White "Rebole Arbea, Jose Ignacio"]
[Black "Berrocal, Jorge"]
[Result "1-0"]
[WhiteElo "2199"]
[BlackElo "2293"]
[PlyCount "103"]
[EventDate "2010.08.09"]
[EventType "swiss"]
[EventRounds "9"]
[EventCountry "ESP"]
[Source "lmi"]
[SourceDate "2010.08.09"]

1. g3 c5 2. Bg2 Nc6 3. c4 g6 4. d3 Bg7 5. e3 d6 6. Ne2 Nf6 7. Nbc3 O-O 8. O-O
a6 9. a3 Rb8 10. Rb1 Bd7 11. b4 cxb4 12. axb4 b5 13. cxb5 axb5 14. d4 Qb6 15.
h3 Rfc8 16. Qb3 e5 17. d5 Ne7 18. e4 Ra8 19. Bb2 Be8 20. Ra1 Nd7 21. Rxa8 Rxa8
22. Ra1 Rxa1+ 23. Bxa1 Qa6 24. Qa2 Qb7 25. Qa5 Nb6 26. Nc1 Na4 27. N1a2 f5 28.
Qd8 Qd7 29. Qxd7 Bxd7 30. Bf1 fxe4 31. Nxb5 Bxb5 32. Bxb5 Nb6 33. Nc3 Bf8 34.
Be2 Kg7 35. Nxe4 Nexd5 36. b5 h6 37. f4 Kf7 38. fxe5 dxe5 39. Bxe5 Bg7 40. Nd6+
Kg8 41. Bxg7 Kxg7 42. Kf2 Kf6 43. Nc4 Nxc4 44. Bxc4 Nb6 45. Bd3 g5 46. Ke3 Nd5+
47. Kf3 Ke5 48. Be4 Nb6 49. Bc6 Nc4 50. Ke2 Nb6 51. Kf3 Nc4 52. Be8 1-0

[Event "5. Torneo de Promoción de Almansa"]
[Site "Almansa ESP"]
[Date "2010.08.11"]
[Round "3.8"]
[White "Pons Carreras, David"]
[Black "Jimenez Martin, Gustavo"]
[Result "1/2-1/2"]
[WhiteElo "2292"]
[BlackElo "2161"]
[PlyCount "62"]
[EventDate "2010.08.09"]
[EventType "swiss"]
[EventRounds "9"]
[EventCountry "ESP"]
[Source "lmi"]
[SourceDate "2010.08.09"]

1. Nf3 d5 2. d4 e6 3. c4 f5 4. g3 Nf6 5. Bg2 c6 6. O-O Bd6 7. Bf4 b6 8. Nbd2
Bb7 9. Rc1 O-O 10. e3 Qe7 11. Qb3 Nbd7 12. Ne5 Bxe5 13. Bxe5 Nxe5 14. dxe5 Ne4
15. Rfd1 Rfd8 16. cxd5 exd5 17. f4 Kh8 18. Nxe4 fxe4 19. Rd2 Rac8 20. Rcd1 Ba6
21. Qc3 Bd3 22. Bf1 Bxf1 23. Rxf1 Re8 24. Rc1 Qe6 25. Qa3 a5 26. Qb3 Rb8 27.
Rdc2 Rec8 28. Rf2 g6 29. Rd1 Rc7 30. Rc2 Re8 31. Kg2 Kg7 1/2-1/2

[Event "5. Torneo de Promoción de Almansa"]
[Site "Almansa ESP"]
[Date "2010.08.11"]
[Round "3.9"]
[White "Peña Riasco, Alexander"]
[Black "Escudero Manzano, Alejandro"]
[Result "1-0"]
[WhiteElo "2255"]
[BlackElo "2125"]
[PlyCount "51"]
[EventDate "2010.08.09"]
[EventType "swiss"]
[EventRounds "9"]
[EventCountry "ESP"]
[Source "lmi"]
[SourceDate "2010.08.09"]

1. e4 c5 2. Nf3 e6 3. d4 cxd4 4. Nxd4 a6 5. g3 b5 6. Bg2 Bb7 7. O-O Qc7 8. Be3
Nf6 9. Nd2 Be7 10. a4 b4 11. c3 bxc3 12. Rc1 Qd8 13. Rxc3 Bb4 14. Rb3 Bxd2 15.
Qxd2 Bxe4 16. Bxe4 Nxe4 17. Qb4 d5 18. Bf4 Nd7 19. Nc6 Qf6 20. Be3 Ne5 21. Nxe5
Qxe5 22. Bf4 Qf6 23. f3 Ng5 24. Bd6 Rd8 25. Qc5 Rxd6 26. Qxd6 1-0

[Event "5. Torneo de Promoción de Almansa"]
[Site "Almansa ESP"]
[Date "2010.08.11"]
[Round "3.10"]
[White "O`neill Y Daneiko, Jose Antonio"]
[Black "Ayza Leon, David"]
[Result "0-1"]
[WhiteElo "2102"]
[BlackElo "2249"]
[PlyCount "104"]
[EventDate "2010.08.09"]
[EventType "swiss"]
[EventRounds "9"]
[EventCountry "ESP"]
[Source "lmi"]
[SourceDate "2010.08.09"]

1. e4 d6 2. d4 Nf6 3. Nc3 c6 4. f4 Qa5 5. Bd3 e5 6. Nf3 Nbd7 7. O-O Be7 8. h3
O-O 9. Be3 Re8 10. Qd2 Qc7 11. Rae1 b5 12. Kh1 b4 13. Ne2 exd4 14. Nexd4 c5 15.
Nb5 Qb6 16. e5 Nh5 17. Bf2 dxe5 18. fxe5 a6 19. Nd6 Bxd6 20. exd6 Bb7 21. Ng5
Nhf6 22. Bc4 Ne5 23. Rxe5 Rxe5 24. Nxf7 Rd5 25. Ng5 Qxd6 26. Bg1 h6 27. Rxf6
gxf6 28. Ne4 Kg7 29. Nxd6 Rxd2 30. Nxb7 Rxc2 31. b3 a5 32. Nxc5 Rxa2 33. Bd4
Rc8 34. Bb5 Kg6 35. Bd3+ Kf7 36. Bc4+ Ke7 37. Be3 a4 38. Ba6 a3 39. Bxc8 Ra1+
40. Kh2 Rd1 41. Bg4 a2 42. Bxd1 a1=Q 43. Bxh6 Qe5+ 44. Kh1 Qxc5 45. Be2 Qf2 46.
Bc4 f5 47. Bg5+ Kd6 48. Bf6 f4 49. Bh8 Qg3 50. Bd4 f3 51. Bf1 fxg2+ 52. Bxg2
Qxb3 0-1

[Event "5. Torneo de Promoción de Almansa"]
[Site "Almansa ESP"]
[Date "2010.08.11"]
[Round "3.11"]
[White "Alcaraz Ortega, Javier"]
[Black "Silva Rodriguez, Julio"]
[Result "1-0"]
[WhiteElo "2242"]
[BlackElo "2126"]
[PlyCount "63"]
[EventDate "2010.08.09"]
[EventType "swiss"]
[EventRounds "9"]
[EventCountry "ESP"]
[Source "lmi"]
[SourceDate "2010.08.09"]

1. d4 d5 2. Bf4 Nf6 3. e3 c5 4. dxc5 Nc6 5. Bb5 e6 6. b4 a5 7. c3 Bd7 8. Qb3
Nh5 9. Ne2 Nxf4 10. Nxf4 Be7 11. Nd2 O-O 12. a4 Rb8 13. Nd3 f5 14. O-O Rf6 15.
Nf3 Rh6 16. Nd4 axb4 17. Bxc6 bxc6 18. cxb4 Qc7 19. f4 Bf6 20. Rab1 e5 21. fxe5
Bxe5 22. Nxe5 Qxe5 23. g3 Re8 24. b5 Qe7 25. Qc3 Qg5 26. Rf3 Qh5 27. Rb2 Re4
28. b6 Bc8 29. Qd3 f4 30. Rxf4 Rxf4 31. exf4 g5 32. f5 1-0

[Event "5. Torneo de Promoción de Almansa"]
[Site "Almansa ESP"]
[Date "2010.08.11"]
[Round "3.12"]
[White "Cruz Lledo, Pablo"]
[Black "Machado Hernandez, Junior"]
[Result "1-0"]
[WhiteElo "2239"]
[BlackElo "2010"]
[PlyCount "93"]
[EventDate "2010.08.09"]
[EventType "swiss"]
[EventRounds "9"]
[EventCountry "ESP"]
[Source "lmi"]
[SourceDate "2010.08.09"]

1. d4 d5 2. Nf3 Nf6 3. e3 Bg4 4. c4 e6 5. Qb3 Qc8 6. Ne5 Bf5 7. Nc3 c6 8. Be2
Nbd7 9. O-O Nxe5 10. dxe5 Nd7 11. f4 Nc5 12. Qd1 Ne4 13. g4 Nxc3 14. bxc3 Be4
15. cxd5 exd5 16. Bf3 Bxf3 17. Qxf3 Qe6 18. Rb1 b6 19. Kh1 h5 20. g5 Qf5 21.
Bb2 Bc5 22. c4 O-O 23. cxd5 cxd5 24. Bd4 Qe4 25. Qxe4 dxe4 26. Bxc5 bxc5 27.
Rfc1 Rfd8 28. Rb2 Rd3 29. Re2 Rc8 30. Rc4 Ra3 31. Kg2 f5 32. gxf6 gxf6 33. Rxe4
fxe5 34. Rxe5 h4 35. Rh5 c4 36. Rxh4 c3 37. Rc2 Rb8 38. Kf3 Rb2 39. Rc1 c2 40.
Rg4+ Kf7 41. Rg2 Raxa2 42. h4 a5 43. h5 a4 44. h6 Rb6 45. h7 Rh6 46. Rcxc2 Rh3+
47. Rg3 1-0

[Event "5. Torneo de Promoción de Almansa"]
[Site "Almansa ESP"]
[Date "2010.08.11"]
[Round "3.13"]
[White "Navarro Lopez-menchero, Daniel"]
[Black "Martinez Rodriguez, Pablo"]
[Result "1-0"]
[WhiteElo "2115"]
[BlackElo "2227"]
[PlyCount "72"]
[EventDate "2010.08.09"]
[EventType "swiss"]
[EventRounds "9"]
[EventCountry "ESP"]
[Source "lmi"]
[SourceDate "2010.08.09"]

1. e4 c6 2. Ne2 d5 3. e5 Bg4 4. d4 Qb6 5. c3 e6 6. Nd2 Nd7 7. Qa4 Bf5 8. Ng3
Bg6 9. Be2 f6 10. f4 fxe5 11. fxe5 Be7 12. Nh5 Bf8 13. Nf4 Bf7 14. Bg4 Ke7 15.
Nf3 Nh6 16. Bh3 Nf5 17. Bxf5 exf5 18. O-O Be8 19. Qc2 g6 20. b3 Kd8 21. Re1 Be7
22. a4 Nf8 23. Ba3 Qc7 24. Bxe7+ Qxe7 25. e6 g5 26. Nxg5 Ng6 27. Qxf5 Rf8 28.
Nf7+ Bxf7 29. exf7 Qxf7 30. Ne6+ Kc8 31. Qh3 Rh8 32. Nc5+ Kb8 33. Rf1 Qg7 34.
Qg3+ Kc8 35. Qd6 Nh4 36. g3 Re8 1-0

[Event "5. Torneo de Promoción de Almansa"]
[Site "Almansa ESP"]
[Date "2010.08.11"]
[Round "3.14"]
[White "Valiente Roy, Jose Javier"]
[Black "Fernandez Barrera, Victor"]
[Result "0-1"]
[WhiteElo "2103"]
[BlackElo "2326"]
[PlyCount "74"]
[EventDate "2010.08.09"]
[EventType "swiss"]
[EventRounds "9"]
[EventCountry "ESP"]
[Source "lmi"]
[SourceDate "2010.08.09"]

1. Nf3 Nf6 2. c4 g6 3. g3 Bg7 4. Bg2 O-O 5. O-O c6 6. d3 d5 7. Na3 Nbd7 8. Qc2
e5 9. cxd5 cxd5 10. Bd2 a6 11. Rac1 Qe7 12. Qb3 Re8 13. Rc7 e4 14. dxe4 dxe4
15. Ng5 a5 16. Be3 h6 17. Nh3 Qb4 18. Rd1 Ne5 19. Qc2 a4 20. Nc4 Nxc4 21. Rxc4
Qa5 22. Rc5 Qa6 23. Nf4 Bf5 24. Nd5 Nxd5 25. Rcxd5 Rac8 26. Qd2 Kh7 27. Rd6 Qc4
28. Rc1 Qxa2 29. h3 Qxb2 30. Rxc8 Qxd2 31. Rxd2 Bxc8 32. Bd4 Rd8 33. e3 Bxd4
34. exd4 f5 35. Bf1 Be6 36. Rc2 Rxd4 37. Rc7+ Rd7 0-1

[Event "5. Torneo de Promoción de Almansa"]
[Site "Almansa ESP"]
[Date "2010.08.11"]
[Round "3.15"]
[White "Mengual Bolo, Carlos"]
[Black "Chueca Forcen, Alberto"]
[Result "0-1"]
[WhiteElo "2096"]
[BlackElo "2280"]
[PlyCount "88"]
[EventDate "2010.08.09"]
[EventType "swiss"]
[EventRounds "9"]
[EventCountry "ESP"]
[Source "lmi"]
[SourceDate "2010.08.09"]

1. d4 Nf6 2. Nf3 e6 3. g3 c5 4. Bg2 Nc6 5. c4 d5 6. cxd5 Nxd5 7. O-O Be7 8. Nc3
Nxc3 9. bxc3 O-O 10. Qd3 cxd4 11. cxd4 Bd7 12. Rd1 Nb4 13. Qb3 Qa5 14. a4 Qd5
15. Qxd5 exd5 16. Ne5 Be6 17. Ba3 a5 18. Nd3 Rfc8 19. Bxb4 axb4 20. Nf4 Ra5 21.
e3 g5 22. Nxe6 fxe6 23. Bf1 Raa8 24. Bb5 Kf7 25. Kf1 Rc3 26. Ke2 Rac8 27. Bd3
h6 28. Kd2 b3 29. Rac1 Bb4 30. Rxc3 Rxc3 31. Ke2 Ba3 32. Kd2 Rc8 33. Rb1 b2 34.
Bc2 Kf6 35. h3 Rc7 36. Kd1 e5 37. dxe5+ Kxe5 38. g4 d4 39. exd4+ Kxd4 40. Bf5
Kc3 41. f3 Re7 42. Bg6 b6 43. Bf5 Re3 44. Be4 Bd6 0-1